Slovenská republika si je vedomá práv i povinností člena OECD

Vznik a vývoj OECD v skratke. Chronológia cesty SR do OECD. Prejavy generálneho tajomníka OECD Donalda Johnstona a slovenského vicepremiéra Ivana Mikloša k vstupu Slovenska do OECD.

Saved in:
Bibliographic Details
Main Author: Podstupka, Ivan
Format: Book Chapter
Language:Slovak
Subjects:
Tags: Add Tag
No Tags, Be the first to tag this record!

MARC

LEADER 00000naa a2200000 4500
001 r039896
005 20230824110004.3
041 0 |a slo 
044 |a SK 
245 1 0 |a Slovenská republika si je vedomá práv i povinností člena OECD  |c Ivan Podstupka 
520 |a Vznik a vývoj OECD v skratke. Chronológia cesty SR do OECD. Prejavy generálneho tajomníka OECD Donalda Johnstona a slovenského vicepremiéra Ivana Mikloša k vstupu Slovenska do OECD. 
610 2 0 |a integrácia ekonomická medzinárodná 
610 2 0 |a spolupráca hospodárska medzinárodná 
610 2 0 |a Slovensko 
610 2 0 |a OECD 
610 2 0 |a história 
100 1 |a Podstupka, Ivan